MyGZULibrary

Sociological theory / (Record no. 1473)

MARC details
000 -LEADER
fixed length control field 01252cam a22003374a 4500
001 - CONTROL NUMBER
control field 15066642
003 - CONTROL NUMBER IDENTIFIER
control field GZU
005 - DATE AND TIME OF LATEST TRANSACTION
control field 20201019083258.0
008 - FIXED-LENGTH DATA ELEMENTS--GENERAL INFORMATION
fixed length control field 071101s2008 maua b 001 0deng
010 ## - LIBRARY OF CONGRESS CONTROL NUMBER
LC control number 2007078894
020 ## - INTERNATIONAL STANDARD BOOK NUMBER
International Standard Book Number 9780073528182
040 ## - CATALOGING SOURCE
Original cataloging agency DLC
Transcribing agency DLC
Modifying agency DLC
042 ## - AUTHENTICATION CODE
Authentication code pcc
050 00 - LIBRARY OF CONGRESS CALL NUMBER
Classification number HM585
Item number RIT 2008
082 00 - DEWEY DECIMAL CLASSIFICATION NUMBER
Classification number 301/.01
Edition number 22
100 1# - MAIN ENTRY--PERSONAL NAME
Personal name Ritzer, George.
Relator term author
245 10 - TITLE STATEMENT
Title Sociological theory /
Statement of responsibility, etc. George Ritzer.
250 ## - EDITION STATEMENT
Edition statement 7th ed.
260 ## - PUBLICATION, DISTRIBUTION, ETC.
Place of publication, distribution, etc. Boston :
Name of publisher, distributor, etc. McGraw-Hill,
Date of publication, distribution, etc. c2008.
300 ## - PHYSICAL DESCRIPTION
Extent xv, 652, A-16, R-120, C-2, I-35 ;
Dimensions 24 cm.
504 ## - BIBLIOGRAPHY, ETC. NOTE
Bibliography, etc. note Includes bibliographical references (R1-120) and index.
650 #0 - SUBJECT ADDED ENTRY--TOPICAL TERM
Topical term or geographic name entry element Sociology.
650 #0 - SUBJECT ADDED ENTRY--TOPICAL TERM
Topical term or geographic name entry element Sociologists
Form subdivision Biography.
700 1# - ADDED ENTRY--PERSONAL NAME
Personal name Goodman, Douglas J.
856 42 - ELECTRONIC LOCATION AND ACCESS
Materials specified Contributor biographical information
Uniform Resource Identifier <a href="http://www.loc.gov/catdir/enhancements/fy0804/2007078894-b.html">http://www.loc.gov/catdir/enhancements/fy0804/2007078894-b.html</a>
856 42 - ELECTRONIC LOCATION AND ACCESS
Materials specified Publisher description
Uniform Resource Identifier <a href="http://www.loc.gov/catdir/enhancements/fy0804/2007078894-d.html">http://www.loc.gov/catdir/enhancements/fy0804/2007078894-d.html</a>
856 41 - ELECTRONIC LOCATION AND ACCESS
Materials specified Table of contents only
Uniform Resource Identifier <a href="http://www.loc.gov/catdir/enhancements/fy0804/2007078894-t.html">http://www.loc.gov/catdir/enhancements/fy0804/2007078894-t.html</a>
906 ## - LOCAL DATA ELEMENT F, LDF (RLIN)
a 7
b cbc
c origcop
d 2
e ncip
f 20
g y-gencatlg
942 ## - ADDED ENTRY ELEMENTS (KOHA)
Source of classification or shelving scheme Library of Congress Classification
Koha item type Books
Edition 7th
Classification part 585
Item part RIT
Call number prefix HM
Holdings
Withdrawn status Lost status Damaged status Not for loan Collection code Home library Current library Shelving location Date acquired Inventory number Total Checkouts Total Renewals Full call number Barcode Date last seen Date last checked out Copy number Price effective from Koha item type Source of classification or shelving scheme Source of acquisition
        Non-fiction City Campus Library City Campus Library General Stacks 10/19/2020 9669 1 1 HM 585 RIT 2008 B017575 11/30/2022 11/25/2022 c.1 10/19/2020 Books    
        Non-fiction City Campus Library City Campus Library General Stacks 10/19/2020 9673     HM 435 RIT 2008 003650 10/19/2020   c.2 10/19/2020 Books    
        Non-fiction City Campus Library City Campus Library General Stacks 10/20/2020 9674     HM 585 RIT 2008 B9674 10/20/2020   c.3 10/20/2020 Books Library of Congress Classification  
        Non-fiction City Campus Library City Campus Library General Stacks 10/20/2020 9667     HM 435 RIT 2008 B016088 10/20/2020   c.4 10/20/2020 Books    
        Non-fiction City Campus Library City Campus Library General Stacks 10/20/2020 9663     HM 585 RIT 2008 *B016096* 10/20/2020   c.5 10/20/2020 Books    
        Non-fiction City Campus Library City Campus Library General Stacks 10/20/2020   2   HM 585 RIT 2008 G19044 11/28/2022 11/26/2022 c.6 10/20/2020 Books    
        Non-fiction City Campus Library City Campus Library General Stacks 10/20/2020 9675 4   HM 585 RIT 2008 013107 04/05/2024 03/28/2024 c.7 10/20/2020 Books    
        Non-fiction City Campus Library City Campus Library General Stacks 10/20/2020 9666     HM 585 RIT 2008 *B016097* 10/20/2020   c.8 10/20/2020 Books    
        Non-fiction City Campus Library City Campus Library General Stacks 11/26/2022 9671 2   HM585 RIT 2004 G20919 12/08/2022 12/01/2022 c.12 11/26/2022 Books Library of Congress Classification Purchase
        Non-fiction City Campus Library City Campus Library General Stacks 11/28/2022 9663 1   HM585 RIT 2008 B016096 12/02/2022 11/28/2022 c.12 11/28/2022 Books Library of Congress Classification Purchase
        Non-fiction City Campus Library City Campus Library General Stacks 03/22/2024 9666 1   HM585 RIT 2008 B016097 04/08/2024 03/22/2024 c.13 03/22/2024 Books Library of Congress Classification  
        Non-fiction Mashava Campus Library Mashava Campus Library General Stacks 05/12/2021       HM 585 RIT 2008 B016093 05/12/2021   c.9 05/12/2021 Books Library of Congress Classification  
        Non-fiction Mashava Campus Library Mashava Campus Library General Stacks 05/12/2021       HM 585 RIT 2008 B016091 05/12/2021   c.10 05/12/2021 Books Library of Congress Classification  
        Non-fiction Mashava Campus Library Mashava Campus Library General Stacks 05/12/2021       HM 585 RIT 2008 G19034 05/12/2021   c.11 05/12/2021 Books Library of Congress Classification